000
00242nam a22000857a 4500
008
161124b xxu||||| |||| 00| 0 eng d
100
_9
1390
_a
CBSE
245
_a
Fashion studies : Library Resource XII
260
_a
New delhih
_b
National Book trust
_c
2005
999
_c
4106
_d
4106